Capitales de países de la Copa Mundial de la FIFA 2026 - Estadísticas

Estadísticas generales
  • Esta prueba ha sido intentada 94 veces
  • La puntuación promedio es 33 de 42
Estadísticas de respuestas
País Capital % Correcto
Alemania Berlín
99%
Argentina Buenos Aires
99%
España Madrid
98%
Brasil Brasilia
96%
México Ciudad de México
96%
Inglaterra Londres
96%
Japón Tokio
96%
Colombia Bogotá
95%
Canadá Ottawa
95%
Francia París
95%
Australia Canberra
94%
Portugal Lisboa
94%
Ecuador Quito
94%
Austria Viena
94%
Estados Unidos Washington D.C.
94%
Corea del Sur Seúl
93%
Países Bajos Ámsterdam
92%
Bélgica Bruselas
92%
Uruguay Montevideo
92%
Croacia Zagreb
92%
Egipto El Cairo
89%
Noruega Oslo
89%
Paraguay Asunción
86%
Suiza Berna
86%
Panamá Ciudad de Panamá
85%
Catar Doha
82%
Argelia Argel
80%
Marruecos Rabat
80%
Arabia Saudita Riad
80%
Irán Teherán
74%
Sudáfrica Pretoria | Ciudad del Cabo | Bloemfontein
73%
Túnez Túnez
71%
Nueva Zelanda Wellington
69%
Haití Puerto Príncipe
65%
Senegal Dakar
64%
Ghana Acra
51%
Jordania Amán
50%
Cabo Verde Praia
50%
Costa de Marfil Yamusukro
42%
Uzbekistán Taskent
38%
Curazao Willemstad
26%
Escocia Edinburgh
18%
No se encontraron pruebas coincidentes
Distribución de puntuación
Porcentaje de gente con cada puntuación
Porcentaje por número respondido
Historial de tus puntuaciones
No has intentado esta prueba.